00937cam a22002531 4500001001300000003000400013005001700017008004100034010001700075035001900092040004200111042001200153050002200165100003100187245008400218260002000302300005000322490010400372500001900476500007500495650002200570810007400592999001700666gs 56000040 DLC20260227111403.0780830s1955 wiuab s000 0 eng c ags 56000040  a(OCoLC)4179446 aU. S. Geol. Survey. LibrarycAzUdDLC apremarc00aQE179b.A2 no. 791 aHole, Francis Doan,d1913-00aIntroduction to the soils of Wisconsin,cby Francis D. Hole and Gerhard B. Lee. aMadison,c1955. a48 p.billus., maps, diagrs., tables.c23 cm.1 aWisconsin. Geological and Natural History Survey. Bulletin,vno. 79.aEducational series,vno. 10 aCaption title. aIn cooperation with the Soils Dept., Wisconsin College of Agriculture. 0aSoilszWisconsin.2 aWisconsin Geological and Natural History Survey.tBulletin ;vno. 79. c29020d29020